Artes de México : El arte de Gabriel Figueroa /

-д хадгалсан:
Номзүйн дэлгэрэнгүй
Формат: Ном
Хэл сонгох:испани
Хэвлэсэн: México : Artes de México, 2006
Хэвлэл:3a edición
Нөхцлүүд:
Шошгууд: Шошго нэмэх
Шошго байхгүй, Энэхүү баримтыг шошголох эхний хүн болох!

MARC

LEADER 00000nam^a2200000^a^4500
001 000442752
005 20250526000000.0
009 20260310123435.646
020 |a 968-6533-10-9 
022 |a 0300-4953 
037 |a Acervo ITESO - Biblioteca 
041 |a ESP 
082 |a 700. 5  |b ART V. 2b 
240 1 1 |a [Artes de México] 
245 1 0 |a Artes de México :  |b El arte de Gabriel Figueroa /  |c Dir. de A. Ruy Sánchez. 
250 |a 3a edición 
264 1 |a México :  |b Artes de México,  |c 2006 
300 |a 79 p. ;  |c 33.0 cm. 
336 |a texto  |b txt  |2 rdacontenido 
337 |a sin mediación  |b n  |2 rdamedio 
338 |a volumen  |b nc  |2 rdasoporte 
545 0 |a Nacido y muerto en la ciudad de México (1907-1997), Gabriel Figueroa es, sin duda, el gran fotógrafo del cine nacional y protagonista indiscutible de la llamada época de oro. Estudió brevemente pintura en la Academia de San Carlos y luego fotografía con José Guadalupe Velasco, aunque él reconocía como su maestro a Greg Toland, el fotógrafo de El ciudadano Kane, con quien tuvo oportunidad de convivir. Por lo demás, es de conocimiento público su cercanía con el muralismo y el nacionalismo cultural en boga, desarrollando una estética que es una simbiosis genial de la pintura con la fotografía. Sus hermosos claroscuros y los escorzos de sus figuras, fueron esenciales para evidenciar el dramatismo expresado por los actores. Aunque a lo largo de su carrera -235 películas- trabajó prácticamente con todos los grandes directores del país, destaca indudablemente la mancuerna que hizo con Emilio el Indio Fernández, en películas que fijaron un paisaje nacional que, aunque idílico, se convirtió en parte de la identidad de México, como María Candelaria (1943), La perla (1945), Maclovia (1948) y Enamorada (1948). También fue colaborador de Luis Buñuel en Los olvidados (1951), Nazarín (1958) y El ángel exterminador (1962), entre otras. Su trabajo recibió diversos reconocimientos en los fetivales de cine de primer nivel. 
546 |a Edición bilingüe español-inglés 
586 |a Premio Príncipe de Asturias de las Letras 1994 
586 |a Premio FIL de Literatura 2006 
586 |a Premio Miguel de Cervantes 1987 
586 |a Premio Nacional de Ciencias y Artes, categoría Bellas Artes (22°: 1971): Biografías, crítica e interpretación 
586 |a Premio Nacional de Ciencias y Artes, categoría Bellas Artes (32°: 1981) 
586 |a Premio Nacional de Ciencias y Artes, categoría Lingüística y Literatura (35°: 1984) 
586 |a Premio Nacional de Ciencias y Artes, categoría Lingüística y Literatura (56°: 2005) 
586 |a Premio Nacional de Ciencias y Artes, categoría Lingüística y Literatura (68°: 2017) 
649 |a XX 
650 |a Arte -  |x Publicaciones Periódicas Mexicanas -  |x Tema Principal 
650 |a Fotógrafos Mexicanos 
650 |a Artistas Mexicanos 
650 |a Nacionalismo en el Cine -  |z México -  |x Historia y Crítica 
650 |a Fotografía Cinematográfica -  |z México -  |x Historia y Crítica -  |x Tema Principal 
650 |a Fotografía Mexicana -  |x Historia y Crítica 
650 |a Fotografía Mexicana -  |y Siglo XX 
650 |a Cine Mexicano -  |x Historia y Crítica 
650 |a Cine Mexicano -  |y Siglo XX 
650 |a Arte Mexicano -  |x Historia y Crítica 
650 |a Arte Mexicano -  |y Siglo XX 
650 |a Publicaciones Periódicas Mexicanas 
650 |a Figueroa, Gabriel -  |x Tema Principal 
910 |a Fondo Pedro Valtierra 
920 |a Impresos - Libros 
930 |a Libros Antiguos y Raros 
905 |a 129 
901 |a 0500369165  |b IT2  |c LRA  |i D  |u 20250526 
902 |a https://opac.biblio.iteso.mx/vufind/Record/000442752